000
00201 a2200097 4500
001
42199
100
_a
Barker L M
245
_a
Pears Cyclopedia
260
_a
_b
A & F Pears
_c
090
_c
26183
_d
26183
942
_a
NUST-CAE
_c
M
_c
17984
999
_c
277272
_d
277272